Consulting services manual 2006 <a> comprehensive guide to the selection of consultants

Gespeichert in:
Bibliographische Detailangaben
Format: Buch
Sprache:Englisch
Veröffentlicht: Washington, D.C. <The> World Bank 2006
Schlagworte:
Tags: Tag hinzufügen
Keine Tags, Fügen Sie das erste Tag hinzu!

MARC

LEADER 00000nam$a2200000$$$4500
001 0044091
005 20240313132806.3
020 |a 0-8213-6523-1 
041 0 |a eng 
044 |a US 
245 1 0 |a Consulting services manual 2006  |b <a> comprehensive guide to the selection of consultants 
264 1 |a Washington, D.C.  |b <The> World Bank  |c 2006 
300 |a 178 s. 
610 2 0 |a sektory hospodárske 
610 2 0 |a služby bankové 
610 2 0 |a poradenstvo 
610 2 0 |a poradcovia 
610 2 0 |a banky 
610 2 0 |a kontrakty 
610 2 0 |a projekty 
610 2 0 |a ponuka 
610 2 0 |a financovanie 
610 2 0 |a pomoc medzinárodná 
610 2 0 |a krajiny rozvojové 
610 2 0 |a 2006